| 000 | 00900nas a2200265 454500 | ||
|---|---|---|---|
| 001 | 27625 | ||
| 005 | 20260407193507.0 | ||
| 008 | 260407s1998####ag###########|||spa#d | ||
| 003 | AR-UNSa-BCEJYS | ||
| 040 |
_aAR-UNSa-BCEJYS _bspa _cAR-UNSa-BCEJYS |
||
| 080 |
_a347.5 _xObligaciones extracontractuales. Daños y perjuicios |
||
| 245 | 1 | 0 | _aRevista de derecho de daños |
| 264 | 1 |
_aBuenos Aires : _bRubinzal-Culzoni Editores _c1998 |
|
| 310 | _aFrecuencia: Cuatrimestral | ||
| 942 | _cSER | ||
| 590 | _aniveau_biblio:s niveau_hierar:1 | ||
| 100 | 1 | _aMosset Iturraspe, Jorge | |
| 700 | 1 | _aLorenzetti, Ricardo Luis | |
| 650 | _aDerecho civil | ||
| 650 | _aResponsabilidad civil | ||
| 650 | _aJURISPRUDENCIA | ||
| 650 | _aDOCTRINA | ||
| 650 | _aDAÑOS Y PERJUICIOS | ||
| 856 | 4 | 1 |
_uhttps://biblioeco.unsa.edu.ar/pmb/images/revistas/Revista de derecho de da?os-r13424.jpg _yImagen de portada _qimage/jpeg |
| 999 |
_c8623 _d8623 |
||